Statistics for People on Australian Banknotes

Click here to take the quiz!

General Stats

  • This quiz has been taken 12 times
  • The average score is 4 of 9

Answer Stats

NotePerson featuredAnswer% Correct
$5Australia's head of stateQueen Elizabeth II
100%
$100Opera sopranoDame Nellie Melba
70%
$10Bush poetAndrew 'Banjo' Paterson
50%
$100First World War generalSir John Monash
50%
$50First female MPEdith Cowan
40%
$10Writer and journalistMary Gilmore
40%
$20Founder of the Royal Flying Doctor ServiceSir John Flynn
40%
$50Indigenous inventor and writerDavid Unaipon
30%
$20Female convict turned businesswomanMary Reibey
20%

Score Distribution

Percentile by Number Answered

Percent of People with Each Score

Your Score History

You have not taken this quiz